00872nam a2200241Ia 4500001000600000003000900006008004100015040001300056040001300069041001300082100001700095100002900112245007700141245006600218250001100284260001100295260001100306260004900317300005500366500015000421650002800571650003100599F2085IT-RoPAU130308s9999 xx 000 0 und d aIT-RoPAU cIT-RoPAU aITALIANO aBoni Stefano gCodice Aut. SPICS: 41734 aTutto a posto e niente in ordine. La morte nel cinema di Mika Kaurismaki bFinlandesi Probabilmente...Il Cinema di Aki e Mika Kaurismaki a1a ed. aTORINO bLindau c1998 [1° Ed.:1998 - Ed.Ling.Originale:1998] a"8 p. (prefazione: no ; testo: 8 [pagine: 69-76])" aTema del Viaggio, della Morte Come soluzione al Male di Vivere. Analisi dei Film: rosso (1985), Zombie Ja Kummitusjuna (1991) di Mika Kaurismaki. aAUTORI/OPERE DEL CINEMA eCodice materia Spics: 6807